000 00220 a2200085 4500
020 _a9789914438208
245 _aEarly Years Curriculum Designs
260 _bKenya Instititute of Curriculum Development
_c2021
942 _cBK
999 _c58842
_d58842